00814nam a2200205 a 4500001000700000005001700007008004100024041000800065044000700073050002300080245017300103260011500276300003000391440003400421500005000455500000900505650003000514700004000544700002400584BRL_5820190320210554.0031012s19uu----mx-a######---#000-0#spa-# aspa amx 4aF1219.3b.U43 190010aUlamabperpetuación en México del juego de pelota prehispánico : Ullamalistlicinvestigación Ted J. J. Leyenaar ; traducción de María Martínez Peñalosa. aMéxicobGobierno del Estado de Sinaloa, Dirección de Investigación y Fomento de Cultura Ragionalc[19-?] a89 p.bil., mapasc21 cm. 0aSerie Rescate y divulgación aIncluye lista de fotografías y abreviaturas aAu7214aPelota (Juego indígena)1 aMartínez Peñalosa, Maríaetr.1 aLeyenaar, Ted J. J.